[Event "In Memory of Bill Futabutz"]
[Site "SchemingMind.com"]
[Date "2008.12.07"]
[Round "-"]
[White "pcmvr"]
[Black "cnile"]
[Result "1-0"]
[WhiteCountry "NED"]
[BlackCountry "SCO"]
[WhiteElo "2269"]
[WhiteRD "90"]
[BlackElo "1579"]
[BlackRD "72"]
[GameID "182320"]

1. b4 e5 2. Bb2 Bxb4 3. f4 Bf8 4. fxe5 d5 5. Nf3 Be6 6. Nc3 Nd7 7. e4 Bc5 8. Nxd5 Ne7 9. d4 Bb6 10. Ne3 f6
11. exf6 Nxf6 12. Bd3 O-O 13. Ng5 Bf7 14. c3 Ng6 15. O-O Re8 16. Nxf7 Kxf7 17. Bc4+ Kf8 18. Qh5 Rxe4 19. Qxh7 Qe8 20. Ba3+ Ne7
21. Qg8#
1-0

[Event "In Memory of Bill Futabutz"]
[Site "SchemingMind.com"]
[Date "2008.12.07"]
[Round "-"]
[White "pcmvr"]
[Black "Black Knight"]
[Result "1-0"]
[WhiteCountry "NED"]
[BlackCountry "USA"]
[WhiteElo "2274"]
[WhiteRD "99"]
[BlackElo "1566"]
[BlackRD "73"]
[GameID "182321"]

1. b4 e5 2. Bb2 d6 3. c4 Nf6 4. e3 Be7 5. Qc2 O-O 6. Nc3 Be6 7. Nf3 c5 8. bxc5 dxc5 9. Nxe5 Nbd7 10. Nf3 Re8
11. Be2 Qc7 12. Ng5 Qd6 13. f4 h6 14. Nb5 Qb6 15. Nxe6 fxe6 16. O-O a6 17. Nc3 Qd8 18. Rf3 b6 19. Rg3 Bd6 20. Qg6 Re7
21. Qxh6 Kf8 22. Qh8+ Ng8 23. Ne4 e5 24. Nxd6 Nf6 25. fxe5 Nd7 26. Rf1+
1-0

[Event "In Memory of Bill Futabutz"]
[Site "SchemingMind.com"]
[Date "2008.12.08"]
[Round "-"]
[White "pcmvr"]
[Black "CRIS PORTI"]
[Result "1-0"]
[WhiteCountry "NED"]
[BlackCountry "ARG"]
[WhiteElo "2268"]
[WhiteRD "101"]
[BlackElo "1826"]
[BlackRD "138"]
[GameID "182322"]

1. b4 e5 2. Bb2 d6 3. c4 Be6 4. e3 Nd7 5. Nf3 a5 6. b5 c6 7. Nc3 Ngf6 8. Ng5 h6 9. Nxe6 fxe6 10. Bd3 Qe7
11. Bg6+ Kd8 12. bxc6 bxc6 13. Na4 Kc7 14. O-O h5 15. Rb1 Rh6 16. f4 Rxg6 17. Qb3 Rb8 18. Qc3 Rb4 19. a3 Rxa4 20. Qc2 Rxc4
21. Qxc4 exf4 22. Qa6 Nb8 23. Qa8 Nfd7 24. Bc3 Kd8 25. Rxb8+ Nxb8 26. Qxb8+ Kd7 27. Rb1 Qd8 28. Qa7+
1-0

[Event "In Memory of Bill Futabutz"]
[Site "SchemingMind.com"]
[Date "2008.12.07"]
[Round "-"]
[White "lame wolf"]
[Black "pcmvr"]
[Result "0-1"]
[WhiteCountry "INT"]
[BlackCountry "NED"]
[WhiteElo "995"]
[WhiteRD "52"]
[BlackElo "2269"]
[BlackRD "90"]
[GameID "182323"]

1. c4 e6 2. d4 Nf6 3. e4 Nxe4 4. Bd3 Bb4+ 5. Bd2 Nxd2 6. Qxd2 Bxd2+ 7. Nxd2 Nc6 8. Ne2 d5 9. a3 Nxd4 10. Nxd4 dxc4
0-1

[Event "In Memory of Bill Futabutz"]
[Site "SchemingMind.com"]
[Date "2008.12.07"]
[Round "-"]
[White "cnbcad"]
[Black "pcmvr"]
[Result "0-1"]
[WhiteCountry "USA"]
[BlackCountry "NED"]
[WhiteElo "1618"]
[WhiteRD "57"]
[BlackElo "2273"]
[BlackRD "94"]
[GameID "182324"]

1. e4 e6 2. d4 d5 3. Nd2 c5 4. exd5 exd5 5. Ngf3 Nf6 6. Bb5+ Bd7 7. Bxd7+ Nbxd7 8. O-O Be7 9. dxc5 Nxc5 10. b4 Ne6
11. a3 O-O 12. Bb2 a5 13. bxa5 Rxa5 14. Nb3 Ra4 15. Nbd4 Ne4 16. c3 N6c5 17. Ne5 Bf6 18. Ng4 Rc4 19. a4 Re8 20. Ne3 Nxc3
21. Qd2 Bxd4 22. Nxc4 Nb3 23. Qd3 dxc4 24. Qc2 Re2 25. Qf5 Rxb2 26. Rae1 g6 27. Qf3 Nd2
0-1

[Event "In Memory of Bill Futabutz"]
[Site "SchemingMind.com"]
[Date "2008.12.09"]
[Round "-"]
[White "e_castle3"]
[Black "pcmvr"]
[Result "0-1"]
[WhiteCountry "PHI"]
[BlackCountry "NED"]
[WhiteElo "1742"]
[WhiteRD "71"]
[BlackElo "2273"]
[BlackRD "94"]
[GameID "182325"]

1. e4 e6 2. d4 d5 3. exd5 exd5 4. Nf3 Nf6 5. Bb5+ c6 6. Be2 Bd6 7. O-O O-O 8. Re1 Re8 9. Bg5 Be6 10. Nbd2 Nbd7
11. c3 h6 12. Bh4 Bf5 13. Nf1 Qc7 14. Ne3 Rxe3 15. fxe3 Ng4 16. Bf2 Bxh2+ 17. Kf1 Bg3 18. Bxg3 Qxg3 19. Kg1 Qf2+ 20. Kh1 Nxe3
0-1

[Event "In Memory of Bill Futabutz"]
[Site "SchemingMind.com"]
[Date "2008.12.08"]
[Round "-"]
[White "cnile"]
[Black "pcmvr"]
[Result "0-1"]
[WhiteCountry "SCO"]
[BlackCountry "NED"]
[WhiteElo "1579"]
[WhiteRD "72"]
[BlackElo "2269"]
[BlackRD "90"]
[GameID "182326"]

1. e4 e6 2. d4 d5 3. exd5 exd5 4. Bd3 Bd6 5. c4 dxc4 6. Bxc4 Nf6 7. Nc3 O-O 8. Nf3 Re8+ 9. Be3 Nc6 10. O-O a6
11. Qb3 Qd7 12. Rfe1 Na5 13. Bxf7+ Qxf7 14. Qc2 Nc6 15. Rad1 Bg4 16. Qe2 Nh5 17. h3 Nf4 18. Qd2 Nxh3+ 19. gxh3 Bxf3 20. Ne2 Qh5
21. Nf4 Qg5+ 22. Kh2 Qg2#
0-1

[Event "In Memory of Bill Futabutz"]
[Site "SchemingMind.com"]
[Date "2008.12.11"]
[Round "-"]
[White "Black Knight"]
[Black "pcmvr"]
[Result "0-1"]
[WhiteCountry "USA"]
[BlackCountry "NED"]
[WhiteElo "1538"]
[WhiteRD "73"]
[BlackElo "2275"]
[BlackRD "104"]
[GameID "182327"]

1. e4 e6 2. d4 d5 3. e5 c5 4. Nf3 cxd4 5. Nxd4 Nc6 6. Nxc6 bxc6 7. Nc3 Qc7 8. Be2 Qxe5 9. O-O Nf6 10. Re1 Qc7
11. Bg5 Be7 12. Bxf6 Bxf6 13. Bd3 e5 14. Be2 O-O 15. Bg4 Bxg4 16. Qxg4 e4 17. Ne2 Bxb2 18. Rab1 Be5 19. c3 Bxh2+ 20. Kf1 Be5
21. Nd4 c5 22. f4 cxd4 23. fxe5 dxc3 24. Rbc1 Qxe5 25. Rc2 f5 26. Qe2 Rab8 27. Rec1 d4 28. Qc4+ Kh8 29. Rd1 e3 30. Rxd4 Rb2
0-1

[Event "In Memory of Bill Futabutz"]
[Site "SchemingMind.com"]
[Date "2008.12.09"]
[Round "-"]
[White "CRIS PORTI"]
[Black "pcmvr"]
[Result "0-1"]
[WhiteCountry "ARG"]
[BlackCountry "NED"]
[WhiteElo "1826"]
[WhiteRD "138"]
[BlackElo "2268"]
[BlackRD "101"]
[GameID "182328"]

1. e4 e6 2. d4 d5 3. Nc3 Nf6 4. Bg5 Be7 5. e5 Nfd7 6. Bxe7 Qxe7 7. Nf3 O-O 8. Bb5 c5 9. Bxd7 Bxd7 10. dxc5 Nc6
11. O-O Qxc5 12. Na4 Qa5 13. b3 Rac8 14. Re1 Nb4 15. c3 Na6 16. Qd4 Bxa4 17. bxa4 b6 18. Rac1 Rc4 19. Qd2 Nc5 20. Ng5 h6
21. Nh3 Ne4 22. Qe3 Rfc8 23. Rc2 Rxc3 24. Rxc3 Rxc3 25. Qe2 Rc2 26. Qd1 Rxa2 27. f3 Nc3 28. Qd3 Qc5+ 29. Kf1 Nxa4 30. Re3 Qb4
0-1